Stehlíkův historický a orientační průvodce ulicemi hlavního města Prahy /

Průvodce Prahou z roku 1929 v hranicích Velké Prahy podle ulic, nábřeží a náměstí, řazených abecedně. U každého hesla kromě udání městské části je uvedeno, jak se lze do dotyčné ulice (náměstí apod.) dopravit tramvajemi či autobusy (jejich přehledné trati v roce 1929 viz na s. 543 a 545). Následují...

Celý popis

Hlavní autor: Stehlík, František, 1888-
Další autoři: Žáček, František
Jazyk: Čeština
Vydáno: Praha : František Stehlík, [1929?]
Témata:
Fyzický popis: 624 s. : il., portréty ; 21 cm
Knihy
Uloženo v:
LEADER 02418nam a22004452a 4500
001 000411921
003 CZ BrMZK
005 20190103095453.0
007 ta
008 990305s1929 xr a f cze d
015 |a cnb000542056  |z cnb001320501 
020 |q (Brož.) 
035 |a (OCoLC)7421832 
040 |a ABA001  |b cze  |c BOA001  |d ABA001 
072 7 |a 913:94  |x Historická geografie  |2 Konspekt  |9 7 
080 |a 81'373.21  |2 MRF 
080 |a 913:94  |2 MRF 
080 |a (437.311)  |2 MRF 
080 |a (036)  |2 MRF 
080 |a (048.8)  |2 MRF 
100 1 |a Stehlík, František,  |d 1888-  |7 jk01120999  |4 aut  |4 edt 
245 1 0 |a Stehlíkův historický a orientační průvodce ulicemi hlavního města Prahy /  |c red. Franta Žáček, František Stehlík ; ilustroval Fr. Žáček 
246 3 0 |a Historický a orientační průvodce ulicemi hlavního města Prahy 
260 |a Praha :  |b František Stehlík,  |c [1929?] 
300 |a 624 s. :  |b il., portréty ;  |c 21 cm 
500 |a Obsahuje rejstřík 
520 |a Průvodce Prahou z roku 1929 v hranicích Velké Prahy podle ulic, nábřeží a náměstí, řazených abecedně. U každého hesla kromě udání městské části je uvedeno, jak se lze do dotyčné ulice (náměstí apod.) dopravit tramvajemi či autobusy (jejich přehledné trati v roce 1929 viz na s. 543 a 545). Následují dějiny celé lokality i jednotlivých objektů v ní se nacházejících. Pokud to autorům přišlo důležité, uvádějí i významnější firmy (např. hostince, cukrárny apod.). Kniha je provázena kresbami vybraných památek od spoluautora Franty Žáčka a doplněna adresáři úřadů, hotelů, restaurací, nemocnic i lékáren, dobovými inzeráty pražských firem, abecedním seznamem ulic podle čtvrtí a souhrnným rejstříkem. 
650 0 7 |a názvy ulic  |7 ph340641  |2 czenas 
650 0 7 |a místní jména  |7 ph115407  |2 czenas 
650 0 7 |a historický místopis  |7 ph137052  |2 czenas 
651 7 |a Praha (Česko)  |7 ge118011  |2 czenas 
655 7 |a průvodce  |7 fd133154  |2 czenas 
655 7 |a přehledy  |7 fd133202  |2 czenas 
700 1 |a Žáček, František  |4 edt  |4 ill 
910 |a BOA001  |b 2-0111.735 
990 |a BK 
995 |a 01 
991 |b 201901 
996 7 |b 2619260456  |c 2-0111.735  |l MZK  |r Sklad / do 24 hodin  |n 1  |w 000411921  |u 000020  |a 1  |e BOA001  |j MZK50  |s A 
996 6 |b 2619770605  |c 2-0111.735  |l MZK  |r Sklad / do 24 hodin  |n 7  |w 000411921  |u 000010  |a 1  |e BOA001  |j MZK50  |s P